Movies Directed By Women - Statistics

General Stats
  • This quiz has been taken 8 times
  • The average score is 5 of 19
Answers on the Grid
Answers color-coded by a green-red scale on the quiz's grid according to % correct below.
An Angel At My Table (1990)
Ripley's Game (2002)
Shrek (2001)
Aladdin (1992)
Pushpa 2: The Rule (2024)
KPop Demon Hunters (2025)
Venom: The Last Dance (2024)
Titanic (1997)
Star Wars: Episode I – The Phantom Menace (1999)
River of Grass (1994)
Zootopia 2 (2025)
Barbie (2023)
Little Women (1994)
Harry Potter and the Deathly Hallows – Part 2 (2011)
Pirates of the Caribbean: On Stranger Tides (2011)
Ghost (1990)
Die Hard With a Vengeance (1995)
American Psycho (2000)
Red Riding Hood (2011)
Avatar (2009)
21 Ways to Ruin A Marriage (2013)
Raya and the Last Dragon (2021)
Wonder Woman (2017)
A Wrinkle In Time (2018)
Father of the Bride Part 3(ish) [2020]
The Lion King 1½ (2004)
Black is King (2020)
Iron Lung (2026)
Candyman (2021)
Lost in Yonkers (1993)
Where Are You? I'm Here (1993)
35 Shots of Rum (2008)
 
Answer Stats
Answer % Correct
Barbie (2023)
75%
American Psycho (2000)
63%
Little Women (1994)
50%
KPop Demon Hunters (2025)
38%
Ripley's Game (2002)
38%
21 Ways to Ruin A Marriage (2013)
25%
Black is King (2020)
25%
Candyman (2021)
25%
Shrek (2001)
25%
Where Are You? I'm Here (1993)
25%
Wonder Woman (2017)
25%
35 Shots of Rum (2008)
13%
An Angel At My Table (1990)
13%
A Wrinkle In Time (2018)
13%
Father of the Bride Part 3(ish) [2020]
13%
Lost in Yonkers (1993)
13%
River of Grass (1994)
13%
Red Riding Hood (2011)
0%
Venom: The Last Dance (2024)
0%
No matching quizzes found
Score Distribution
Percent of People with Each Score
Percentile by Number Answered
Your Score History
You have not taken this quiz